000 01293nam a2200337 i 4500
003 DO-SdBNP
005 20250616130040.0
007 ta
008 250616s2001 dr ao 001 0 spa d
020 _a8484009521
040 _aDO-SdBNP
_bspa
_cBNPHU
_erda
041 _aspa
082 4 _a972.93054
_bB142s 2001
_222
100 1 _aBáez de Jiménez, Mayra,
_d1952-
_927816
_eautor
_4aut.
245 1 0 _aSi la mar fuera de tinta :
_bvivencias de una niña tras la caída de la dictadura trujillista /
_cMayra Báez de Jiménez.
250 _aTercera edición
264 1 _aSanto Domingo :
_bEditora Taller,
_c2001.
300 _a367 páginas :
_bilustraciones, fotografías ;
_c23 cm.
336 _atexto
_btxt
_2rdacontent
337 _asin mediación
_bn
_2rdamedia
338 _avolumen
_bnc
_2rdacarrier
500 _aIncluye índice onomástico
500 _aIncluye datos biográficos de la autora en la solapa de la cubierta
590 _aInventariado, 2025/ YL
600 1 0 _aBáez de Jiménez, Mayra
_d1952-
_927817
600 1 0 _aTrujillo Molina, Rafael Leónidas,
_d1891-1961
_xMuerte
_910869
650 7 _aHomicidio político
_931686
_2LEMB
651 4 _aRepública Dominicana
_xHistoria
_y1961-
_96572
910 _aYLockward/ Validado. Control de calidad MFF
942 _2ddc
_cLBS1
999 _c59287
_d59287